<?xml version="1.0" encoding="UTF-8"?>
<collection xmlns:xsi="http://www.w3.org/2001/XMLSchema-instance" xsi:schemaLocation="http://www.loc.gov/MARC21/slim http://www.loc.gov/standards/marcxml/schema/MARC21slim.xsd" xmlns="http://www.loc.gov/MARC21/slim">
 <record>
  <leader>00000cab a22000003a 4500</leader>
  <controlfield tag="001">UP-99796217610190869</controlfield>
  <controlfield tag="003">Buklod</controlfield>
  <controlfield tag="005">20231008000553.0</controlfield>
  <controlfield tag="006">a    grb    001 u|</controlfield>
  <controlfield tag="007">ta</controlfield>
  <controlfield tag="008">120203s        xx     d | ||r |||||   ||</controlfield>
  <datafield tag="040" ind1=" " ind2=" ">
   <subfield code="a">DENG</subfield>
  </datafield>
  <datafield tag="041" ind1=" " ind2=" ">
   <subfield code="a">eng</subfield>
  </datafield>
  <datafield tag="100" ind1="0" ind2=" ">
   <subfield code="a">Colosimo, Bianca</subfield>
  </datafield>
  <datafield tag="245" ind1="0" ind2="0">
   <subfield code="a">Analyzing the effect of process parameters on the shape of 3D profiles.</subfield>
  </datafield>
  <datafield tag="300" ind1=" " ind2=" ">
   <subfield code="a">pp. 169</subfield>
  </datafield>
  <datafield tag="520" ind1=" " ind2=" ">
   <subfield code="a">This paper investigates the effect of process parameters on the shape of three dimensional (3D) curves. Compared with recent literature on profile modeling (generally used for process monitoring applications), the main novelty consists of dealing with curves that do not lie in a plane but in space. In particular, a generalization of principal component analysis (PCA), based on the appropriate use of complex rather than real numbers (complex PCA), is used as a modeling tool. Scores of the significant components obtained via complex PCA are then used as data input for the analysis of variance to investigate the effect of process parameters on the machined shape. The first advantage of complex PCA is its insensitivity to rotation about the origin of the complex plane, a property that produces a significant simplification of the preliminary step of profile registration. Second, complex PCA outperforms alternative PCA based approaches in terms of the power of detecting the effect of controllable factors on the profile shape. The proposed procedure is particularly useful when the quality characteristic of interest is related to geometric tolerances, as shown in a real case study of the axial straightness of lathe-turned items.</subfield>
  </datafield>
  <datafield tag="653" ind1=" " ind2=" ">
   <subfield code="a">Design of Experiment (DOE).</subfield>
  </datafield>
  <datafield tag="653" ind1=" " ind2=" ">
   <subfield code="a">Functional data.</subfield>
  </datafield>
  <datafield tag="653" ind1=" " ind2=" ">
   <subfield code="a">Geometric Product Specification (GPS).</subfield>
  </datafield>
  <datafield tag="653" ind1=" " ind2=" ">
   <subfield code="a">Geometric Tolerances.</subfield>
  </datafield>
  <datafield tag="653" ind1=" " ind2=" ">
   <subfield code="a">Principal Component Analysis (PCA).</subfield>
  </datafield>
  <datafield tag="653" ind1=" " ind2=" ">
   <subfield code="a">Profile.</subfield>
  </datafield>
  <datafield tag="773" ind1="0" ind2=" ">
   <subfield code="t">Journal of Quality Technology</subfield>
   <subfield code="g">43, 3 (2011).</subfield>
  </datafield>
  <datafield tag="905" ind1=" " ind2=" ">
   <subfield code="a">FO</subfield>
  </datafield>
  <datafield tag="852" ind1=" " ind2=" ">
   <subfield code="a">UPD</subfield>
   <subfield code="b">DENG</subfield>
  </datafield>
  <datafield tag="942" ind1=" " ind2=" ">
   <subfield code="a">Article</subfield>
  </datafield>
 </record>
</collection>
